Organización de los servicios administrativos (Registro nro. 2243)
[ vista simple ]
| 000 -LEADER | |
|---|---|
| fixed length control field | 01608 a2200253 4500 |
| 001 - CONTROL NUMBER | |
| control field | 32081 |
| 005 - DATE AND TIME OF LATEST TRANSACTION | |
| control field | 20260407155621.0 |
| 008 - FIXED-LENGTH DATA ELEMENTS--GENERAL INFORMATION | |
| fixed length control field | 260407a1968 arg spa d |
| 003 - CONTROL NUMBER IDENTIFIER | |
| control field | AR-UNSa-BCEJYS |
| 040 ## - CATALOGING SOURCE | |
| Original cataloging agency | AR-UNSa-BCEJYS |
| Language of cataloging | spa |
| Transcribing agency | AR-UNSa-BCEJYS |
| 080 ## - UNIVERSAL DECIMAL CLASSIFICATION NUMBER | |
| Universal Decimal Classification number | (031)658 |
| Common auxiliary subdivision | Enciclopedía de Administración |
| 041 ## - LANGUAGE CODE | |
| Language code of text/sound track or separate title | spa |
| 100 1# - MAIN ENTRY--PERSONAL NAME | |
| Personal name | Dubas, Jean |
| 245 10 - TITLE STATEMENT | |
| Title | Organización de los servicios administrativos |
| 250 ## - EDITION STATEMENT | |
| Edition statement | 3a. ed. |
| 264 #1 - PRODUCTION, PUBLICATION, DISTRIBUTION, MANUFACTURE, AND COPYRIGHT NOTICE | |
| Place of production, publication, distribution, manufacture | Bilbao : |
| Name of producer, publisher, distributor, manufacturer | Ediciones Deusto |
| Date of production, publication, distribution, manufacture, or copyright notice | 1968 |
| 300 ## - PHYSICAL DESCRIPTION | |
| Extent | 342 p. |
| Dimensions | 22 cm. |
| 505 ## - FORMATTED CONTENTS NOTE | |
| Formatted contents note | 1. Los origenes de la función administrativa - 2. Tres objetivos importantes de la función administrativa: la organización, la información, la táctica - 3. La alta dirección de la empresa. El secretariado general y los servicios generales - 4. El trabajo en equipo y las reuniones - 5. La descentralización del poder: aspectos de la jerarquía - 6. Los trabajos de producción administrativa y el secretariado - 7. Preparación de la correspondencia - 8. La ejecución de la correspondencia - 9. Problemas de clasificación - 10. El equipo de los servicos administrativos - 11. El documento administrativo y contable y su marco normalizado: el impreso - 12. La función documentaria - 13. La función documentaria de la empresa - 14. Función y equipo de oficina - 15. Las máquinas de fichas perforadas - 16. Los calculadores electrónicos - 17. Los sistemas de tratamiento automático y las informaciones. |
| 590 ## - LOCAL NOTE (RLIN) | |
| Local note | niveau_biblio:m niveau_hierar:0 |
| 700 1# - ADDED ENTRY--PERSONAL NAME | |
| Personal name | Dupin de Saint- Cyr, Joseph |
| 700 1# - ADDED ENTRY--PERSONAL NAME | |
| Personal name | Alonso, Tiburcio |
| 700 1# - ADDED ENTRY--PERSONAL NAME | |
| Personal name | Gil, Pablo |
| 942 ## - ADDED ENTRY ELEMENTS (KOHA) | |
| Koha item type | |
| Withdrawn status | Lost status | Damaged status | Not for loan | Home library | Current library | Shelving location | Date acquired | Total checkouts | Full call number | Barcode | Date last seen | Price effective from | Koha item type |
|---|---|---|---|---|---|---|---|---|---|---|---|---|---|
| Biblioteca Prof. Eusebio Cleto del Rey | Biblioteca Prof. Eusebio Cleto del Rey | 07/04/2026 | R(031)658 E56 3ed. v.9 | L25874 | 07/04/2026 | 07/04/2026 | Libro | ||||||
| Biblioteca Prof. Eusebio Cleto del Rey | Biblioteca Prof. Eusebio Cleto del Rey | 07/04/2026 | R(031)658 E56 3ed. v.9 | L25875 | 07/04/2026 | 07/04/2026 | Libro |